|
|
|
|
| LEADER |
02889nam a2200697 4500 |
| 001 |
ocn794619561 |
| 003 |
OCoLC |
| 005 |
20170124071833.1 |
| 006 |
m o d |
| 007 |
cr cnu---unuuu |
| 008 |
110812s2012 enk obf 001 0 eng d |
| 040 |
|
|
|a CDX
|b eng
|e pn
|c CDX
|d OCLCQ
|d N$T
|d E7B
|d OCLCQ
|d YDXCP
|d OSU
|d DG1
|d OCLCQ
|d OCLCO
|d OCLCF
|d UKDOC
|d OCLCQ
|d RIV
|d OCLCQ
|d NLGGC
|d COO
|d OCLCQ
|d EBLCP
|d OCLCQ
|d DEBBG
|d D6H
|d AZK
|d GrThAP
|
| 019 |
|
|
|a 961632271
|a 962650265
|
| 020 |
|
|
|a 9781444361247
|q (electronic bk.)
|
| 020 |
|
|
|a 1444361244
|q (electronic bk.)
|
| 020 |
|
|
|a 9781118709627
|q (electronic bk.)
|
| 020 |
|
|
|a 1118709624
|q (electronic bk.)
|
| 020 |
|
|
|z 1444330411
|
| 020 |
|
|
|z 9781444330410
|
| 024 |
8 |
|
|a 9786613615411
|
| 029 |
1 |
|
|a AU@
|b 000051629470
|
| 029 |
1 |
|
|a DEBBG
|b BV042794718
|
| 029 |
1 |
|
|a DKDLA
|b 820120-katalog:000599566
|
| 029 |
1 |
|
|a NZ1
|b 14976396
|
| 029 |
1 |
|
|a DEBBG
|b BV043394573
|
| 035 |
|
|
|a (OCoLC)794619561
|z (OCoLC)961632271
|z (OCoLC)962650265
|
| 050 |
|
4 |
|a SF891
|
| 072 |
|
7 |
|a MED
|x 089020
|2 bisacsh
|
| 072 |
|
7 |
|a MED
|x 089030
|2 bisacsh
|
| 082 |
0 |
4 |
|a 636.089/77
|2 23
|
| 049 |
|
|
|a MAIN
|
| 100 |
1 |
|
|a Williams, David L.,
|c MA.
|
| 245 |
1 |
0 |
|a Ophthalmology of exotic pets /
|c David L. Williams.
|
| 264 |
|
1 |
|a Chichester, West Sussex :
|b Wiley-Blackwell,
|c 2012.
|
| 300 |
|
|
|a 1 online resource.
|
| 336 |
|
|
|a text
|b txt
|2 rdacontent
|
| 337 |
|
|
|a computer
|b c
|2 rdamedia
|
| 338 |
|
|
|a online resource
|b cr
|2 rdacarrier
|
| 347 |
|
|
|a data file
|2 rda
|
| 380 |
|
|
|a Bibliography
|
| 380 |
|
|
|a Handbook
|
| 504 |
|
|
|a Includes bibliographical references and index.
|
| 505 |
0 |
|
|a A brief history of comparative ophthalmology -- Common features of exotic animal ophthalmology -- The rabbit eye -- The guinea pig eye -- The ferret eye -- The rat and mouse eye -- The eye of other mammalian exotic pet species -- The avian eye -- The reptile eye -- The amphibian eye -- The fish eye.
|
| 588 |
0 |
|
|a Print version record.
|
| 650 |
|
0 |
|a Veterinary ophthalmology.
|
| 650 |
|
0 |
|a Wild animals as pets.
|
| 650 |
|
4 |
|a Oftalmologia veterinària.
|
| 650 |
|
4 |
|a Animals exòtics
|x Malalties.
|
| 650 |
|
4 |
|a Ulls
|x Malalties i defectes.
|
| 650 |
|
7 |
|a MEDICAL
|x Veterinary Medicine
|x Food Animal.
|2 bisacsh
|
| 650 |
|
7 |
|a MEDICAL
|x Veterinary Medicine
|x Small Animal.
|2 bisacsh
|
| 650 |
|
7 |
|a Veterinary ophthalmology.
|2 fast
|0 (OCoLC)fst01166044
|
| 650 |
|
7 |
|a Wild animals as pets.
|2 fast
|0 (OCoLC)fst01175064
|
| 650 |
|
2 |
|a Eye Diseases
|v Handbooks
|x veterinary.
|
| 650 |
|
2 |
|a Pets
|v Handbooks.
|
| 655 |
|
4 |
|a Llibres electronics.
|
| 655 |
|
4 |
|a Electronic books.
|
| 655 |
|
7 |
|a Electronic books.
|2 local
|
| 776 |
0 |
8 |
|i Print version:
|a Williams, David L., MA.
|t Ophthalmology of exotic pets.
|d Chichester, West Sussex : Wiley-Blackwell, 2012
|z 9781444330410
|w (DLC) 2011034163
|
| 856 |
4 |
0 |
|u https://doi.org/10.1002/9781118709627
|z Full Text via HEAL-Link
|
| 994 |
|
|
|a 92
|b DG1
|